SQL server 2005 lập trình nâng cao

Sách giới thiệu cách khai báo và sử dụng kiểu Cursor trong nhiều trường hợp mà bạn không thể sử dụng phát biểu SQL. Khám phá cách cài đặt Transaction trong thủ tục nội tại nhằm kiểm soát tính nhất quán trong tác vụ xử lý dữ liệu....

ver descrição completa

Na minha lista:
Detalhes bibliográficos
Autor principal: Phạm Hữu Khang Chủ biên
Outros Autores: Đoàn Thiện Ngân (Hiệu đính)
Formato: Livro
Idioma:Vietnamese
Publicado em: H. Lao động - xã hội 2008
Assuntos:
Tags: Adicionar Tag
Sem tags, seja o primeiro a adicionar uma tag!
Thư viện lưu trữ: Thư viện Trường Đại học Nam Cần Thơ
LEADER 01356nam a22002177a 4500
001 NCT_89716
008 210507b xxu||||| |||| 00| 0 vie d
999 |c 4424  |d 4424 
020 |c 86000 
082 0 4 |2 23rd ed.  |a 005.1  |b Kh106 
100 1 |a Phạm Hữu Khang  |d Chủ biên 
245 1 0 |a SQL server 2005 lập trình nâng cao  |c Phạm Hữu Khang (chủ biên); Đoàn Thiện Ngân(hiệu đính) 
260 |a H.  |b Lao động - xã hội  |c 2008 
300 |a 343 tr.  |b minh họa  |c 24cm 
520 3 |a Sách giới thiệu cách khai báo và sử dụng kiểu Cursor trong nhiều trường hợp mà bạn không thể sử dụng phát biểu SQL. Khám phá cách cài đặt Transaction trong thủ tục nội tại nhằm kiểm soát tính nhất quán trong tác vụ xử lý dữ liệu. 
653 |a Công nghệ thông tin 
700 1 |a Đoàn Thiện Ngân  |e Hiệu đính 
942 |2 ddc  |c BK 
952 |0 0  |1 0  |2 ddc  |4 0  |6 005_100000000000000_KH106  |7 0  |9 21230  |a 000001  |b 000001  |d 2021-05-07  |o 005.1 Kh106  |p MD.02061  |r 2021-05-07  |v 86000.00  |w 2021-05-07  |y BK 
952 |0 0  |1 0  |2 ddc  |4 0  |6 005_100000000000000_KH106  |7 0  |9 21231  |a 000001  |b 000001  |d 2021-05-07  |o 005.1 Kh106  |p MD.02062  |r 2021-05-07  |v 86000.00  |w 2021-05-07  |y BK 
980 |a Thư viện Trường Đại học Nam Cần Thơ